[Event "13. Golden Prague Open"]
[Site "Praha"]
[Date "2017.07.08"]
[Round "8.11"]
[White "Bartosova, Hana"]
[Black "Drahorad, Daniel"]
[Result "0-1"]
[WhiteElo "1577"]
[BlackElo "1995"]
[Annotator ""]
[Source ""]
[Remark ""]

1.e4 d5 2.exd5 Qxd5 3.Nc3 Qa5 4.d4 Nf6 5.Bd2 c6 6.Bc4 Bf5 7.Nf3
e6 8.O-O Qc7 9.Ne5 Bd6 10.f4 O-O 11.Bd3 Bxd3 12.Nxd3 Nbd7 13.Qf3
a6 14.Rae1 c5 15.dxc5 Nxc5 16.Nxc5 Bxc5+ 17.Be3 Rfd8 18.Rd1 Bxe3+
19.Qxe3 Ng4 20.Rxd8+ Rxd8 21.Qe2 Qb6+ 22.Kh1 Qxb2 23.Nd1 Qb5
24.Qxb5 axb5 25.h3 Rxd1 0-1

[Event "13. Golden Prague Open"]
[Site "Praha"]
[Date "2017.07.08"]
[Round "8.12"]
[White "Nemecek, Lukas"]
[Black "Frost, Peter"]
[Result "0-1"]
[WhiteElo "1714"]
[BlackElo "1934"]
[Annotator ""]
[Source ""]
[Remark ""]

1.e4 c6 2.d4 d5 3.exd5 cxd5 4.c4 Nf6 5.Nc3 Nc6 6.cxd5 Nxd5 7.Nf3
Bg4 8.Be2 e6 9.O-O Be7 10.Nxd5 Qxd5 11.Be3 O-O 12.Qa4 Rfd8 13.Rfd1
Bf6 14.Rd2 a6 15.a3 b5 16.Qd1 Qd6 17.Rc1 Ne7 18.Ne1 Bxe2 19.Qxe2
Rac8 20.Rc5 Nf5 21.Rxc8 Rxc8 22.Qd1 Qd5 23.Nf3 h6 24.Bf4 a5 25.Be5
Be7 26.g4 Nd6 27.Bxd6 Bxd6 28.Rd3 Qe4 29.Ne1 Qf4 30.Nc2 Qxh2+
31.Kf1 Qh1+ 32.Ke2 Qe4+ 33.Ne3 b4 34.axb4 Bxb4 35.d5 exd5 36.Rxd5
Re8 37.Rd8 Qxg4+ 0-1

[Event "13. Golden Prague Open"]
[Site "Praha"]
[Date "2017.07.08"]
[Round "8.13"]
[White "Forman, Miroslav"]
[Black "Husa, Daniel"]
[Result "1-0"]
[WhiteElo "1832"]
[BlackElo "1660"]
[Annotator ""]
[Source ""]
[Remark ""]

1.f4 d5 2.c4 c6 3.b3 Nf6 4.Nf3 g6 5.Bb2 Bg7 6.e3 O-O 7.Be2 Nbd7
8.O-O dxc4 9.bxc4 Qb6 10.Bd4 Qc7 11.Qc1 b6 12.a4 Bb7 13.a5 c5
14.Bc3 Bc6 15.Ne5 Nxe5 16.Bxe5 Qb7 17.a6 Qd7 18.Nc3 Rad8 19.Rd1
Ne8 20.Bxg7 Kxg7 21.Qb2 f6 22.d4 cxd4 23.Rxd4 Qc8 24.Nd5 Bxd5
25.cxd5 Nd6 26.e4 Qa8 27.g4 h6 28.e5 Nf7 29.exf6+ exf6 30.Bf3
Rd6 31.Rc1 Rc8 32.h4 Rxc1+ 33.Qxc1 Qe8 34.Kf2 Qb5 35.Qc3 Qc5
36.Qb2 g5 37.hxg5 hxg5 38.Qd2 Rd7 39.Kg2 Rd6 40.Rd3 Qb5 41.Rc3
Rd7 42.Be4 Nd6 43.Bf3 Nf7 44.Qc2 Qxa6 45.Qf5 Qa5 46.Rc2 Re7 47.Be4
Qa6 48.Qg6+ Kf8 49.fxg5 fxg5 50.Rf2 Qc8 51.Bf5 Qd8 52.Be6 Qe8
53.Qh6+ Kg8 54.Qxg5+ Kf8 55.Qg6 a5 56.g5 a4 57.Qf6 Rxe6 58.dxe6
a3 59.g6 a2 60.g7+ Kg8 61.exf7+ 1-0

[Event "13. Golden Prague Open"]
[Site "Praha"]
[Date "2017.07.08"]
[Round "8.14"]
[White "Lajsek, Tomas"]
[Black "Bartos, Vaclav"]
[Result "1-0"]
[WhiteElo "1760"]
[BlackElo "1433"]
[Annotator ""]
[Source ""]
[Remark ""]

1.e4 c5 2.c3 e6 3.d4 cxd4 4.cxd4 d5 5.exd5 exd5 6.Nf3 Nf6 7.Nc3
Bg4 8.Be2 Bd6 9.O-O O-O 10.h3 Bh5 11.Bg5 Be7 12.Qb3 Nc6 13.Qxb7
Na5 14.Qa6 h6 15.Bf4 Ne4 16.Ne5 Bxe2 17.Nxe2 Bf6 18.b3 Bxe5 19.Bxe5
f6 20.Bh2 Rf7 21.Rac1 Nb7 22.Nc3 f5 23.Qe6 Qd7 24.Qxd7 Rxd7 25.f3
Nf6 26.Nb5 a6 27.Nc7 Ra7 28.Be5 Nd8 29.Rc2 Kf7 30.Rfc1 Ne8 31.Nxe8
Kxe8 32.Rc8 Kf7 33.Kf2 Ne6 34.R1c6 Ke7 35.Rc1 Kf7 36.Ke3 Ke7
37.R1c2 Kf7 38.R2c3 f4+ 39.Bxf4 Nxf4 40.Kxf4 Rd6 41.R8c7+ Rxc7
42.Rxc7+ Kf6 43.Rc5 h5 44.h4 Kg6 45.Ke5 1-0

[Event "13. Golden Prague Open"]
[Site "Praha"]
[Date "2017.07.08"]
[Round "8.15"]
[White "Novotny, Josef"]
[Black "Krobot, Jan"]
[Result "1-0"]
[WhiteElo "1738"]
[BlackElo "1705"]
[Annotator ""]
[Source ""]
[Remark ""]

1.Nf3 Nf6 2.c4 e6 3.g3 b6 4.Bg2 Bb7 5.O-O Be7 6.Nc3 O-O 7.d4
d6 8.d5 e5 9.e4 Nbd7 10.Nh4 Re8 11.Nf5 Bf8 12.g4 g6 13.Nh6+ Bxh6
14.Bxh6 Bc8 15.Qf3 Qe7 16.h3 Kh8 17.Bg5 Kg7 18.Qe3 h5 19.gxh5
gxh5 20.Bh4 Nf8 21.Kh1 Ng6 22.Bg5 Rh8 23.Ne2 Bd7 24.f4 Rag8 25.fxe5
Ng4 26.Bf6+ Nxf6 27.exf6+ Qxf6 28.Rxf6 Kxf6 29.Rf1+ Ke7 30.Qg5+
Ke8 31.Qf6 Ne5 32.Nd4 Rh7 33.Nf3 Nxf3 34.Rxf3 Rhg7 35.Bf1 a5
36.Kh2 Ba4 37.b3 Bd7 38.Rf2 Bc8 39.Be2 Kd7 40.e5 Ke8 41.e6 fxe6
42.dxe6 Bb7 43.Bxh5+ 1-0

[Event "13. Golden Prague Open"]
[Site "Praha"]
[Date "2017.07.08"]
[Round "8.16"]
[White "Rosenbaumova, Lea"]
[Black "Kuhnmund, Ivan"]
[Result "1/2-1/2"]
[WhiteElo "1570"]
[BlackElo "1716"]
[Annotator ""]
[Source ""]
[Remark ""]

1.d4 c6 2.e4 d6 3.Nf3 Bg4 4.h3 Bh5 5.Bf4 Nd7 6.Be2 e5 7.dxe5
dxe5 8.Nxe5 Bxe2 9.Qxd7+ Qxd7 10.Nxd7 Ba6 11.Ne5 f6 12.Nf3 Bc5
13.Nbd2 O-O-O 14.Nb3 Bb6 15.a4 Bc4 16.a5 Bc7 17.Bxc7 Kxc7 18.Nbd2
Bf7 19.O-O-O Ne7 20.b4 Rhe8 21.Rhe1 Nc8 22.c3 Rd3 23.Kc2 Rdd8
24.e5 Bg6+ 25.Kb2 fxe5 26.Nxe5 Bf5 27.f4 Nd6 28.c4 h5 29.Kc3
b6 30.axb6+ axb6 31.g4 hxg4 32.hxg4 Bh7 33.f5 Ra8 34.Nb3 Bg8
35.Nd4 c5 36.Nb3 Ra4 37.bxc5 Nxc4 38.cxb6+ Nxb6 39.Nd4 Nd5+ 40.Kb2
Rb8+ 41.Nb3 Nc3 42.Rd7+ Kc8 43.Rd8+ Kxd8 44.Nc6+ Kc7 45.Nxb8
Re4 46.Na6+ Kb6 47.Rxe4 Nxe4 48.Nb4 Kc7 49.Nd4 Kd6 50.Nd3 g6
51.fxg6 Ke7 52.Nf4 Kf6 53.Nf3 Nf2 1/2-1/2

[Event "13. Golden Prague Open"]
[Site "Praha"]
[Date "2017.07.08"]
[Round "8.17"]
[White "Nemecek, Pavel"]
[Black "Drahoradova, Zuzana"]
[Result "1/2-1/2"]
[WhiteElo "1827"]
[BlackElo "1711"]
[Annotator ""]
[Source ""]
[Remark ""]

1.e4 d5 2.exd5 Qxd5 3.Nc3 Qa5 4.d4 c6 5.Nf3 Bf5 6.Bc4 e6 7.O-O
Nf6 8.Re1 Be7 9.Bf4 Nbd7 10.h3 Nd5 11.Nxd5 cxd5 12.Bb3 O-O 13.Bd2
Qd8 14.Qe2 Bd6 15.Ne5 Rc8 16.Rac1 Re8 17.Qh5 Nxe5 18.dxe5 Bg6
19.Qg4 Bc5 20.h4 h5 21.Qg3 b5 22.c3 Be7 23.Bg5 Bxg5 24.hxg5 Bf5
25.Rcd1 a5 26.Rd4 a4 27.Bd1 g6 28.a3 Rc4 29.Be2 Rxd4 30.cxd4
Qa5 31.Qc3 Qxc3 32.bxc3 Rb8 33.Rc1 Kf8 34.Kh2 Ke7 35.f3 Kd7 36.Ra1
Bc2 37.Rc1 1/2-1/2

[Event "13. Golden Prague Open"]
[Site "Praha"]
[Date "2017.07.08"]
[Round "8.18"]
[White "Veselsky, Jan"]
[Black "Barton, Milan"]
[Result "1-0"]
[WhiteElo "1706"]
[BlackElo "1823"]
[Annotator ""]
[Source ""]
[Remark ""]

1.d4 d5 2.c4 e6 3.Nc3 Nf6 4.Bg5 Nbd7 5.e3 c6 6.Nf3 Bd6 7.a3 Qc7
8.Rc1 Qb8 9.Bd3 h6 10.Bh4 dxc4 11.Bxc4 Nd5 12.Ne4 Bc7 13.Bg3
O-O 14.O-O Bxg3 15.Nxg3 N7b6 16.Bd3 e5 17.Bb1 exd4 18.exd4 Nf6
19.Re1 Bg4 20.Nf5 Qf4 21.Ne7+ Kh8 22.Rc3 Nbd5 23.Nxd5 Nxd5 24.Qc2
g6 25.Rb3 Rae8 26.Qd1 b6 27.Rf1 Re7 28.h3 Bf5 29.Ne5 Rc7 30.Rf3
Qg5 31.Bxf5 gxf5 32.Qc2 f4 33.Re1 Kg7 34.Ng4 Re7 35.Rxe7 Nxe7
36.Qe4 Nd5 37.Ne5 f5 38.Qc2 Rc8 39.Qd2 Qe7 40.Nd3 Re8 41.Ne5
c5 42.Nc6 Qe4 43.dxc5 Qb1+ 44.Kh2 Re1 45.Qd4+ Kh7 46.Rxf4 Nxf4
47.Qxf4 Qe4 48.Qc7+ Kg6 49.cxb6 axb6 50.Nb4 Qe6 51.Nd3 Re4 52.Nf4+
Rxf4 53.Qxf4 Qb3 54.Qg3+ 1-0

[Event "13. Golden Prague Open"]
[Site "Praha"]
[Date "2017.07.08"]
[Round "8.19"]
[White "Vitek, Jan"]
[Black "Martirosyan, Artyom"]
[Result "1/2-1/2"]
[WhiteElo "1745"]
[BlackElo "1563"]
[Annotator ""]
[Source ""]
[Remark ""]

1.d4 d5 2.e3 Nc6 3.f4 Nf6 4.Bd3 h5 5.Nf3 h4 6.Ne5 Nxe5 7.fxe5
Bg4 8.Be2 Bxe2 9.Qxe2 Ne4 10.Qb5+ c6 11.Qxb7 Rc8 12.Bd2 e6 13.Nc3
Rc7 14.Qb3 Nxd2 15.Kxd2 Be7 16.Ne2 c5 17.Qb5+ Qd7 18.Qxd7+ Kxd7
19.c3 f6 20.exf6 gxf6 21.g3 Rb7 22.b3 a5 23.Rab1 e5 24.dxe5 fxe5
25.c4 d4 26.e4 Bg5+ 27.Kd3 Ke6 28.gxh4 Rxh4 1/2-1/2

[Event "13. Golden Prague Open"]
[Site "Praha"]
[Date "2017.07.08"]
[Round "8.20"]
[White "Mach, Petr"]
[Black "Kronowetter, Borivoj"]
[Result "1/2-1/2"]
[WhiteElo "1669"]
[BlackElo "1715"]
[Annotator ""]
[Source ""]
[Remark ""]

1.d4 Nf6 2.c4 g6 3.Nc3 Bg7 4.e4 d6 5.Nf3 O-O 6.Be2 e5 7.O-O Nc6
8.a3 exd4 9.Nxd4 Nxe4 10.Nxc6 Nxc3 11.Nxd8 Nxd1 12.Nxf7 Nxb2
13.Nh6+ Kh8 14.Rb1 Na4 15.Bf3 c6 16.Re1 Nc5 17.Re7 Be6 18.Be2
Rae8 19.Bg5 Rxe7 20.Bxe7 Re8 21.Bxd6 Ne4 22.Bf4 g5 23.Bh5 Re7
24.Re1 gxf4 25.Rxe4 Bxh6 26.Bg4 Bf8 27.Bxe6 Kg7 28.Kf1 Re8 29.a4
Kf6 30.Bf5 Rxe4 31.Bxe4 h6 32.Ke2 Ke5 33.Kd3 Bc5 34.f3 Bg1 35.g4
Bxh2 36.Bg6 c5 37.Be4 1/2-1/2

[Event "13. Golden Prague Open"]
[Site "Praha"]
[Date "2017.07.08"]
[Round "8.21"]
[White "Plate, Marion Helga"]
[Black "Vit, Zdenek"]
[Result "0-1"]
[WhiteElo "1564"]
[BlackElo "1889"]
[Annotator ""]
[Source ""]
[Remark ""]

1.d4 Nf6 2.Nf3 d5 3.Bf4 e6 4.e3 c5 5.c3 a6 6.a4 Nc6 7.Bd3 Bd6
8.Bg5 h6 9.Bh4 O-O 10.Nbd2 c4 11.Bc2 Be7 12.Ne5 Nd7 13.Bg3 Ndxe5
14.dxe5 f6 15.exf6 Bxf6 16.Qh5 Ne7 17.Nf3 Qe8 18.Qxe8 Rxe8 19.O-O
Nc6 20.Bg6 Rd8 21.Rad1 e5 22.Bc2 Bg4 23.Rd2 b5 24.b4 Bxf3 25.gxf3
e4 26.fxe4 Bxc3 27.Rxd5 Nxb4 28.Rxd8+ Rxd8 29.Bd1 Nd3 30.axb5
axb5 31.f4 Bd2 32.Bf2 b4 33.e5 g6 34.Ba4 Nb2 35.Bc2 Kg7 36.Kg2
b3 37.Be4 c3 38.e6 Re8 39.Be1 Rxe6 40.Kf3 Nc4 41.f5 gxf5 42.Bxf5
Rxe3+ 43.Kf2 Rxe1 44.Rxe1 Bxe1+ 45.Kxe1 c2 0-1

[Event "13. Golden Prague Open"]
[Site "Praha"]
[Date "2017.07.08"]
[Round "8.22"]
[White "Rezek, Filip"]
[Black "Day, Tobias"]
[Result "1/2-1/2"]
[WhiteElo "1435"]
[BlackElo "1315"]
[Annotator ""]
[Source ""]
[Remark ""]

1.c4 f5 2.Nf3 Nf6 3.g3 e6 4.d3 Nc6 5.Bg2 Be7 6.O-O O-O 7.Nc3
d6 8.Bg5 h6 9.Bxf6 Bxf6 10.Qc2 Bd7 11.a3 Be8 12.Nd2 Bf7 13.b4
Rb8 14.e3 Qd7 15.Rab1 Rfd8 16.Nb3 d5 17.c5 d4 18.exd4 Nxd4 19.Nxd4
Qxd4 20.Nb5 Qxd3 21.Qxd3 Rxd3 1/2-1/2

[Event "13. Golden Prague Open"]
[Site "Praha"]
[Date "2017.07.08"]
[Round "8.23"]
[White "Scipione, Andrea"]
[Black "Rous, Dominik"]
[Result "1-0"]
[WhiteElo "1312"]
[BlackElo "1148"]
[Annotator ""]
[Source ""]
[Remark ""]

1.d4 d5 2.c4 c6 3.Nc3 Bf5 4.Bf4 e6 5.cxd5 cxd5 6.e3 Nf6 7.Bd3
Ne4 8.Nge2 Bd6 9.f3 Nxc3 10.bxc3 Bxd3 11.Qxd3 Bxf4 12.Nxf4 Nc6
13.O-O O-O 14.e4 Qc7 15.e5 Ne7 16.Nh5 Qc4 17.Qd2 Rfc8 18.Rac1
Nf5 19.g4 Ne7 20.Qg5 Ng6 21.f4 h6 22.Nf6+ gxf6 23.Qxh6 f5 24.gxf5
exf5 25.Rf3 Qc6 26.Rh3 Nh4 27.Qxh4 Qg6+ 1-0

[Event "13. Golden Prague Open"]
[Site "Praha"]
[Date "2017.07.08"]
[Round "8.24"]
[White "Zubek, Rudolf"]
[Black "Nemecek, ml. Pavel"]
[Result "0-1"]
[WhiteElo "1349"]
[BlackElo "1493"]
[Annotator ""]
[Source ""]
[Remark ""]

1.Nf3 d5 2.d4 Bf5 3.Nc3 e6 4.Bf4 Nf6 5.e3 Bb4 6.Bd3 Be4 7.O-O
O-O 8.Qd2 Bxf3 9.g3 Nh5 10.a3 Ba5 11.b4 Bb6 12.Rae1 Nxf4 13.exf4
Bxd4 14.Nb5 Bb6 15.Qc3 Qd7 16.a4 e5 17.Bxh7+ Kxh7 18.Qxf3 c6
19.Nc3 e4 20.Qh5+ Kg8 21.Rd1 Re8 22.f5 Re5 23.g4 Qd6 24.Rfe1
Qh6 25.Kg2 Qxh5 26.gxh5 Rxf5 27.f4 Rxf4 28.a5 Bc7 29.Kg3 Rf3+
30.Kg4 Rxc3 31.Kf5 Rf3+ 32.Kg4 f5+ 0-1

[Event "13. Golden Prague Open"]
[Site "Praha"]
[Date "2017.07.08"]
[Round "8.25"]
[White "Zednik, Petr"]
[Black "Vavrova, Jirina"]
[Result "0-1"]
[WhiteElo "1533"]
[BlackElo "1095"]
[Annotator ""]
[Source ""]
[Remark ""]

1.e4 e5 2.Nf3 Nc6 3.Bc4 Nf6 4.d3 d5 5.exd5 Nxd5 6.O-O Bg4 7.c3
Bc5 8.h3 h5 9.Qe2 Qd6 10.Be3 O-O-O 11.Nbd2 Rde8 12.Ne4 Qd8 13.Nxc5
b6 0-1

[Event "13. Golden Prague Open"]
[Site "Praha"]
[Date "2017.07.09"]
[Round "9.1"]
[White "Haba, Zdenek"]
[Black "Martirosyan, Ara"]
[Result "1/2-1/2"]
[WhiteElo "2177"]
[BlackElo "1878"]
[Annotator ""]
[Source ""]
[Remark ""]

1.d4 Nf6 2.c4 g6 3.Bg5 Bg7 4.Nc3 O-O 5.e4 d6 6.Be2 Na6 7.Qd2
e5 8.d5 c6 9.f3 cxd5 10.cxd5 Bd7 11.Bxa6 bxa6 12.Nge2 Rb8 13.Be3
Rb7 14.O-O Nh5 15.b3 f5 16.Qd3 Qa5 1/2-1/2

[Event "13. Golden Prague Open"]
[Site "Praha"]
[Date "2017.07.09"]
[Round "9.2"]
[White "Rosenbaum, Vit"]
[Black "Anaskin, Arsenij"]
[Result "1/2-1/2"]
[WhiteElo "2124"]
[BlackElo "2216"]
[Annotator ""]
[Source ""]
[Remark ""]

1.d4 f5 2.c4 Nf6 3.g3 g6 4.Bg2 Bg7 5.Nf3 O-O 6.O-O d6 7.b3 Qe8
8.Bb2 Na6 9.a3 e5 10.dxe5 Ng4 11.Ra2 Nxe5 12.Nbd2 c6 13.Qa1 Qe7
14.Rd1 Rb8 15.b4 Nc7 16.Bc3 Nxf3+ 17.Nxf3 Be6 18.Bxg7 Qxg7 19.Qxg7+
Kxg7 20.Rc2 Rbd8 21.Nd4 Bf7 22.e3 c5 23.Nf3 b5 24.Bf1 bxc4 25.Bxc4
Bxc4 26.Rxc4 Ne6 27.bxc5 dxc5 28.Rxd8 Rxd8 29.Ra4 Rd7 30.Ra6
Kf6 31.h4 Ke7 32.Ne5 Rc7 33.Nc6+ Kd7 34.Ne5+ Ke7 35.Nc6+ Kd7
36.Ne5+ 1/2-1/2

[Event "13. Golden Prague Open"]
[Site "Praha"]
[Date "2017.07.09"]
[Round "9.3"]
[White "Novy, Filip"]
[Black "Koper, Stefan"]
[Result "1-0"]
[WhiteElo "2148"]
[BlackElo "1931"]
[Annotator ""]
[Source ""]
[Remark ""]

1.d4 Nf6 2.c4 g6 3.Nc3 Bg7 4.e4 d6 5.f3 Nbd7 6.Be3 c6 7.Qd2 h6
8.Bd3 Qc7 9.Nge2 a6 10.a4 e5 11.O-O b6 12.b4 c5 13.dxc5 dxc5
14.Nd5 Nxd5 15.cxd5 h5 16.Rfc1 Qd6 17.a5 Bb7 18.axb6 cxb4 19.Rc7
Rb8 20.Bxa6 Bxa6 21.Rxa6 O-O 22.Rc6 Qe7 23.Ra7 Rfd8 24.d6 Qe6
25.Qxb4 Bf8 26.Nc3 Nf6 27.Nb5 Ne8 28.Bc5 Rd7 29.Nc7 Nxc7 30.dxc7
Qxc6 31.cxb8Q 1-0

[Event "13. Golden Prague Open"]
[Site "Praha"]
[Date "2017.07.09"]
[Round "9.4"]
[White "Janacek, Jaroslav"]
[Black "Maly, Filip"]
[Result "1-0"]
[WhiteElo "2012"]
[BlackElo "1915"]
[Annotator ""]
[Source ""]
[Remark ""]

1.Nf3 Nf6 2.c4 g6 3.b4 Bg7 4.Bb2 O-O 5.g3 d6 6.Bg2 e5 7.O-O e4
8.Ng5 Re8 9.Qc2 Bf5 10.d3 exd3 11.exd3 Nc6 12.Qb3 Re2 13.b5 Na5
14.Qb4 Bxd3 15.Na3 c5 16.bxc6 Nxc6 17.Qxb7 Rxb2 18.Qxf7+ Kh8
19.Bxc6 Bxf1 20.Rxf1 Rc8 21.Qe6 Rc7 22.Nb5 Re7 23.Nf7+ Rxf7 24.Qxf7
Rxa2 25.c5 d5 26.Nd6 Qa5 27.Ne8 1-0

[Event "13. Golden Prague Open"]
[Site "Praha"]
[Date "2017.07.09"]
[Round "9.5"]
[White "Krivanek, Vladimir"]
[Black "Hurtak, Otto"]
[Result "1-0"]
[WhiteElo "2095"]
[BlackElo "2050"]
[Annotator ""]
[Source ""]
[Remark ""]

1.Nc3 c5 2.Nf3 g6 3.d4 cxd4 4.Qxd4 Nf6 5.Qh4 d5 6.Bh6 Bxh6 7.Qxh6
Nc6 8.O-O-O Qa5 9.e3 Bg4 10.Bb5 O-O-O 11.Bxc6 bxc6 12.Ne5 Bxd1
13.Nxc6 Qc5 14.Nxd8 Ne4 15.Nxf7 Nxc3 16.Nxh8 Nxa2+ 17.Kxd1 Nb4
18.c3 Qc4 19.Qf8+ Kd7 20.cxb4 h5 21.Qb8 Qb3+ 22.Kc1 Qc4+ 23.Kd2
d4 24.Qxa7+ 1-0

[Event "13. Golden Prague Open"]
[Site "Praha"]
[Date "2017.07.09"]
[Round "9.6"]
[White "Fiser, Jiri"]
[Black "Pokorny, Jiri"]
[Result "0-1"]
[WhiteElo "1922"]
[BlackElo "1932"]
[Annotator ""]
[Source ""]
[Remark ""]

1.e4 c5 2.Nf3 d6 3.Bb5+ Nc6 4.O-O Nf6 5.Re1 Bg4 6.h3 Bh5 7.d3
e6 8.Nbd2 Be7 9.Nf1 d5 10.e5 Nd7 11.g4 Bg6 12.Bxc6 bxc6 13.Ng3
O-O 14.Kg2 Rb8 15.b3 f6 16.Bb2 f5 17.Qd2 Rb4 18.c4 fxg4 19.hxg4
Rf7 20.Rad1 Qf8 21.Qe2 Rf4 22.Nh2 Bd8 23.Bc1 Rf7 24.f4 Re7 25.Nf3
Re8 26.Rh1 Rb7 27.Rhf1 Nb8 28.Rf2 Na6 29.Kh3 Nb4 30.Nh4 Bxh4
31.Kxh4 Rf7 32.Kh3 h6 33.a3 Na6 34.Rdf1 Nc7 35.f5 exf5 36.gxf5
Bh7 37.e6 Rf6 38.Bf4 Bxf5+ 39.Nxf5 Nxe6 40.Nxh6+ gxh6 41.Be5
Ng5+ 42.Kg2 Rxf2+ 43.Rxf2 Qe7 44.Qh5 Qxe5 45.Qg6+ Kh8 46.Qxh6+
Nh7 47.Rf7 Qe2+ 0-1

[Event "13. Golden Prague Open"]
[Site "Praha"]
[Date "2017.07.09"]
[Round "9.7"]
[White "Steiner, Juraj"]
[Black "Forman, Miroslav"]
[Result "1-0"]
[WhiteElo "2048"]
[BlackElo "1832"]
[Annotator ""]
[Source ""]
[Remark ""]

1.c4 b5 2.cxb5 a6 3.bxa6 Bxa6 4.Nf3 c5 5.d3 g6 6.Bd2 Bg7 7.Bc3
Nf6 8.g3 Nc6 9.Bg2 Rc8 10.O-O O-O 11.Na3 d5 12.Ne5 e6 13.Re1
Qc7 14.Nxc6 Qxc6 15.Nc4 Qc7 16.Be5 Qd8 17.Nd2 Bh6 18.h3 Ne8 19.g4
f6 20.Bg3 Bg7 21.Nf3 Kh8 22.e4 c4 23.exd5 e5 24.d4 Qb6 25.dxe5
fxe5 26.Bxe5 Bxe5 27.Rxe5 Qxb2 28.Qd4 Qxd4 29.Nxd4 c3 30.Rc1
Nd6 31.Nc6 Rce8 32.Rxc3 Nc4 33.Rxe8 Rxe8 34.Nb4 1-0

[Event "13. Golden Prague Open"]
[Site "Praha"]
[Date "2017.07.09"]
[Round "9.8"]
[White "Drahorad, Daniel"]
[Black "Lajsek, Tomas"]
[Result "1/2-1/2"]
[WhiteElo "1995"]
[BlackElo "1760"]
[Annotator ""]
[Source ""]
[Remark ""]

1.e4 e5 2.Nf3 Nf6 3.Nc3 Nc6 4.Bb5 d6 5.O-O Be7 6.d4 exd4 7.Nxd4
Bd7 8.Nxc6 Bxc6 9.Bxc6+ bxc6 10.Re1 O-O 11.Be3 Nd7 12.Ne2 c5
13.Nf4 Kh8 14.Nd5 f5 15.exf5 Rxf5 16.Nxe7 Qxe7 17.Bxc5 Qf7 18.Be3
Ne5 19.Bd4 Ng6 20.f3 h5 21.Re4 h4 22.h3 Nf4 23.Be3 Ng6 24.Bf2
Qf6 25.Qd4 Qxd4 26.Bxd4 Nf4 27.Be3 g5 28.Bd4+ Kg8 29.Rae1 c5
30.Be3 Rb8 31.Bxf4 gxf4 32.Re8+ Rxe8 33.Rxe8+ Kg7 34.Re7+ Rf7
35.Rxf7+ Kxf7 36.Kf2 Ke6 37.Ke2 Ke5 38.Kd3 d5 39.b3 Kd6 40.c3
Ke5 41.a3 a5 1/2-1/2

[Event "13. Golden Prague Open"]
[Site "Praha"]
[Date "2017.07.09"]
[Round "9.9"]
[White "Frost, Peter"]
[Black "Novotny, Josef"]
[Result "1-0"]
[WhiteElo "1934"]
[BlackElo "1738"]
[Annotator ""]
[Source ""]
[Remark ""]

1.e4 c5 2.Nf3 e6 3.d4 cxd4 4.Nxd4 Nc6 5.Nc3 a6 6.Be2 Nf6 7.O-O
d6 8.Be3 Be7 9.a4 O-O 10.Nb3 b6 11.f3 Bb7 12.Qe1 Nb4 13.Bd3 d5
14.e5 Nd7 15.Bd4 Nc5 16.Qd1 Nxb3 17.cxb3 Bc5 18.Ne2 Rc8 19.Kh1
Qh4 20.f4 Rc7 21.Rf3 g6 22.Rh3 Qe7 23.Qd2 Rfc8 24.Rg1 Bxd4 25.Nxd4
Qc5 26.Be2 Nc6 27.Nf3 Kg7 28.f5 h5 29.f6+ Kh7 30.Rxh5+ gxh5 31.Bd3+
Kg8 32.Qh6 1-0

[Event "13. Golden Prague Open"]
[Site "Praha"]
[Date "2017.07.09"]
[Round "9.10"]
[White "Konvalinka, Vladislav"]
[Black "Volf, Michal"]
[Result "0-1"]
[WhiteElo "1761"]
[BlackElo "1867"]
[Annotator ""]
[Source ""]
[Remark ""]

1.d4 d5 2.c4 c6 3.cxd5 cxd5 4.Bf4 Nc6 5.e3 Bf5 6.Nc3 e6 7.Be2
Nf6 8.Qb3 Qd7 9.Nf3 a6 10.O-O Be7 11.Rac1 O-O 12.Na4 Na5 13.Qd1
Rac8 14.Nc5 Bxc5 15.dxc5 Nc6 16.Ne5 Nxe5 17.Bxe5 Ne4 18.b4 f6
19.Bb2 Qe8 20.f3 Ng5 21.h4 Nf7 22.g4 Nh6 23.gxf5 Nxf5 24.Kf2
Qg6 25.Rg1 Qh6 26.f4 Qxh4+ 27.Kf3 Qh3+ 28.Kf2 Qxe3+ 29.Kg2 Qg3+ 0-1

[Event "13. Golden Prague Open"]
[Site "Praha"]
[Date "2017.07.09"]
[Round "9.11"]
[White "Cabart, Pavel"]
[Black "Pokorny, Jan"]
[Result "1/2-1/2"]
[WhiteElo "1725"]
[BlackElo "1835"]
[Annotator ""]
[Source ""]
[Remark ""]

1.e4 c5 2.Nf3 Nc6 3.d4 cxd4 4.Nxd4 e5 5.Nb5 a6 6.Nd6+ Bxd6 7.Qxd6
Qe7 8.Qd1 Nf6 9.Nc3 h6 10.a3 b5 11.Bd3 O-O 12.O-O Bb7 13.f4 exf4
14.Bxf4 Ne5 15.Bxe5 Qxe5 16.Qf3 Bc6 17.Qf5 Rfe8 18.Rae1 Re6 19.Qxe5
Rxe5 20.Rf5 Rae8 21.Rxe5 Rxe5 22.Kf2 d6 23.h3 h5 24.b4 Kf8 25.Re2
Ke7 26.Kf3 g5 27.g3 Ke6 28.Re1 d5 29.exd5+ Bxd5+ 30.Kf2 Rxe1
31.Kxe1 Ke5 32.Kd2 Ne4+ 33.Nxe4 Bxe4 34.Be2 h4 35.gxh4 gxh4 36.c4
Bc6 37.Ke3 f5 38.cxb5 axb5 39.Bh5 f4+ 40.Kf2 Bd7 41.Bf3 Kd4 42.Bb7
Kc4 43.Kf3 Bxh3 44.Kxf4 Bd7 45.Ba6 1/2-1/2

[Event "13. Golden Prague Open"]
[Site "Praha"]
[Date "2017.07.09"]
[Round "9.13"]
[White "Kuhnmund, Ivan"]
[Black "Stojkovic, Andreja"]
[Result "0-1"]
[WhiteElo "1716"]
[BlackElo "1933"]
[Annotator ""]
[Source ""]
[Remark ""]

1.e4 c5 2.Nf3 Nf6 3.e5 Nd5 4.Nc3 e6 5.g3 d6 6.Bg2 Nc6 7.exd6
Bxd6 8.Ne4 Be7 9.d4 cxd4 10.Nxd4 Ndb4 11.Nxc6 Qxd1+ 12.Kxd1 Nxc6
13.Be3 O-O 14.c3 e5 15.Bc5 Bg4+ 16.f3 Rad8+ 17.Ke2 Be6 18.b3
b6 19.Bxe7 Nxe7 20.Rhd1 h6 21.Rxd8 Rxd8 22.Rd1 Rxd1 23.Kxd1 Nd5
24.Kd2 Kf8 25.a3 Ke7 26.c4 Nc7 27.Kc3 f5 28.Nf2 g5 29.g4 Kd6
30.Bh3 fxg4 31.Bxg4 Ke7 32.Ne4 Ne8 33.Bxe6 Kxe6 34.b4 Nd6 35.Nxd6
Kxd6 36.Kd3 a5 37.Kc3 a4 38.Kd3 h5 39.h3 Ke6 40.Ke4 Kf6 41.c5
bxc5 42.b5 Ke6 43.b6 Kd6 44.b7 Kc7 45.Kd5 Kxb7 46.Kxc5 Ka6 47.Kb4
Kb6 48.Kxa4 e4 49.fxe4 g4 50.hxg4 hxg4 51.e5 g3 52.e6 Kc6 53.e7
Kd7 54.Kb5 g2 0-1

[Event "13. Golden Prague Open"]
[Site "Praha"]
[Date "2017.07.09"]
[Round "9.14"]
[White "Krobot, Jan"]
[Black "Nemecek, Pavel"]
[Result "0-1"]
[WhiteElo "1705"]
[BlackElo "1827"]
[Annotator ""]
[Source ""]
[Remark ""]

1.d4 Nf6 2.Bf4 g6 3.Nc3 Bg7 4.e4 d6 5.Qd2 Nc6 6.O-O-O h5 7.Nf3
a6 8.Be2 Ng4 9.Bg3 e5 10.dxe5 Bh6 11.Bf4 Bxf4 12.Qxf4 Nxf2 13.Rhf1
Nxd1 14.Ng5 Nxe5 15.Nxf7 Rf8 16.Nxd6+ Qxd6 0-1

[Event "13. Golden Prague Open"]
[Site "Praha"]
[Date "2017.07.09"]
[Round "9.15"]
[White "Kronowetter, Borivoj"]
[Black "Bartosova, Hana"]
[Result "1/2-1/2"]
[WhiteElo "1715"]
[BlackElo "1577"]
[Annotator ""]
[Source ""]
[Remark ""]

1.e4 e6 2.d4 d5 3.Nc3 Nf6 4.Bg5 dxe4 5.Nxe4 Be7 6.Bxf6 gxf6 7.Nf3
b6 8.Bb5+ c6 9.Bc4 Nd7 10.Qe2 Qc7 11.Qe3 h6 12.O-O-O Bb7 13.Kb1
O-O-O 14.Rhe1 f5 15.Nc3 Bf6 16.Ne5 Nxe5 17.dxe5 Bg7 18.f4 Kb8
19.Qe2 Rdg8 20.Rd2 Rd8 21.Red1 Rxd2 22.Qxd2 Kc8 23.Kc1 Rd8 24.Qe2
Rxd1+ 25.Nxd1 Bf8 26.g3 Kd8 27.a3 c5 28.Nc3 Qc6 29.Qd1+ Qd7 30.Qe2
Qc6 31.Bb5 Qh1+ 32.Nd1 Qd5 33.Ne3 Qh1+ 34.Kd2 Bc6 35.Bc4 1/2-1/2

[Event "13. Golden Prague Open"]
[Site "Praha"]
[Date "2017.07.09"]
[Round "9.16"]
[White "Drahoradova, Zuzana"]
[Black "Nemecek, Lukas"]
[Result "0-1"]
[WhiteElo "1711"]
[BlackElo "1714"]
[Annotator ""]
[Source ""]
[Remark ""]

1.e4 c5 2.Nf3 Nc6 3.d4 cxd4 4.c3 d5 5.e5 Nh6 6.cxd4 Bg4 7.Be3
e6 8.Be2 Qb6 9.Qd2 Nf5 10.Nc3 Bxf3 11.Bxf3 Ncxd4 12.Bg4 Nxe3
13.fxe3 Nc6 14.O-O Nxe5 15.Be2 Be7 16.Rac1 Bg5 17.Nd1 O-O 18.Kh1
d4 19.Qe1 Bxe3 20.Nxe3 dxe3 21.Qc3 Nc6 22.Rf3 Qd4 23.Qb3 Qb4
24.Rxe3 Qxb3 25.Rxb3 Nd4 26.Re3 Nxe2 27.Rxe2 Rac8 28.Rxc8 Rxc8
29.h3 Kf8 30.Rd2 Ke7 31.Kh2 Rc5 32.Kg3 Rd5 33.Rc2 Kd6 34.Rc8
Kd7 35.Rb8 Rb5 36.b3 a6 37.Rg8 Rg5+ 38.Kf3 Rf5+ 39.Ke3 g6 40.Rb8
Kc6 41.Rc8+ Kb6 42.Rc4 Rc5 43.Rf4 f5 44.Rb4+ Kc6 45.Kd3 e5 46.g4
a5 47.Ra4 e4+ 48.Kd2 Rd5+ 49.Ke2 Kd6 50.gxf5 gxf5 51.h4 Ke5 52.Rc4
h5 53.Rc7 b5 54.Rh7 Kf4 55.Rxh5 Kg4 56.Rh8 f4 57.Re8 Rd4 58.Rg8+
Kxh4 59.Rh8+ Kg4 60.Rg8+ Kf5 61.Rf8+ Ke5 62.Re8+ Kd5 63.a3 f3+
64.Kf2 Rd2+ 65.Ke3 Re2+ 66.Kf4 f2 67.Rd8+ Kc6 68.Rc8+ Kb7 69.Rc1
Re1 0-1